|
|
|
|
| LEADER |
01252nam a2200337 a 4500 |
| 001 |
c000068729 |
| 003 |
CARM |
| 005 |
00000000000000.0 |
| 008 |
860801m19869999fr b 00110 fre |
| 019 |
1 |
|
|a 5130713
|z 4762546
|z 57980306
|5 LACONCORD2021
|
| 020 |
|
|
|a 2070113396 (v. 2)
|
| 020 |
|
|
|a 2070109607 (v. 1)
|
| 035 |
|
|
|a (OCoLC)13751609
|5 LACONCORD2021
|
| 040 |
|
|
|d VMOU
|
| 050 |
0 |
0 |
|a PQ2474
|b .A1 1986
|
| 100 |
1 |
|
|a Vigny, Alfred de,
|d 1797-1863.
|
| 240 |
1 |
0 |
|a Works.
|f 1986
|
| 245 |
1 |
0 |
|a OEuvres completes /
|c Alfred de Vigny ; texte presente, etabli et annote par Francois Germain et Andre Jarry.
|
| 260 |
|
|
|a [Paris] :
|b Gallimard,
|c c1986-<1993>
|
| 300 |
|
|
|a v. <1-2 > ;
|c 18 cm.
|
| 490 |
0 |
|
|a Bibliotheque de la Pleiade ;
|v 74-
|
| 500 |
|
|
|a "Nouvelle edition"--Colophon.
|
| 500 |
|
|
|a Includes index.
|
| 504 |
|
|
|a Bibliography: p. [1549]-1551.
|
| 505 |
1 |
|
|a 1. Poesie, the atre -- 2. Prose.
|
| 700 |
1 |
|
|a Germain, Francois.
|
| 700 |
1 |
|
|a Jarry, Andre.
|
| 852 |
8 |
|
|b CARM
|h A2:AE37B0
|i B00078
|p 0005382
|j v.1
|f BK
|
| 082 |
0 |
4 |
|a 848/.709
|2 19
|
| 999 |
f |
f |
|i 39c40f0c-f810-57ba-a051-d24a0e7039ae
|s f959d8bb-c81e-5908-a065-21b3c11cbd3c
|
| 952 |
f |
f |
|p Can circulate
|a CAVAL
|b CAVAL
|c CAVAL
|d CARM 1 Store
|e B00078
|f A2:AE37B0
|h Other scheme
|i book
|j v.1 held
|m 0005382
|